| 000 | 00630nam a22001697a 4500 | ||
|---|---|---|---|
| 999 |
_c372014 _d372014 |
||
| 008 | 201207b ||||| |||| 00| 0 eng d | ||
| 040 |
_aDE-2950 _bger _cDE-2950 _erda |
||
| 245 |
_aBeelitz-Heilstätten - Die "zentrale Waschanstalt": _bRestaurierung von Reliefs und Fassadenelementen aus Muschelkalk _cDenis Breitkreuz; Andrea Sonnleitner; Toni Zimmermann |
||
| 264 | _c2022 | ||
| 653 | _aBeelitz | ||
| 653 | _aHeilstätten | ||
| 773 |
_dAachen: Geymüller Verlag für Architektur _g8(2022) Heft I., S. 8-16 _tBrandenburgische Denkmalpflege |
||
| 942 | _cA | ||